<?xml version="1.0" encoding="UTF-8"?>
<record
    xmlns:xsi="http://www.w3.org/2001/XMLSchema-instance"
    xsi:schemaLocation="http://www.loc.gov/MARC21/slim http://www.loc.gov/standards/marcxml/schema/MARC21slim.xsd"
    xmlns="http://www.loc.gov/MARC21/slim">

  <leader>00829nam a2200157 a 4500</leader>
  <datafield tag="020" ind1=" " ind2=" ">
    <subfield code="a">2550219678</subfield>
  </datafield>
  <datafield tag="040" ind1=" " ind2=" ">
    <subfield code="c">DLC</subfield>
  </datafield>
  <datafield tag="082" ind1="0" ind2="0">
    <subfield code="a">696 GOU 1991 A083 Or.</subfield>
  </datafield>
  <datafield tag="245" ind1="0" ind2="2">
    <subfield code="a">L'Efficacit&#xE9; &#xE9;nerg&#xE9;tique dans les &#xE9;difices &#xE0; bureaux et les b&#xE2;timents commerciaux :</subfield>
    <subfield code="b">guide du gestionnaire.</subfield>
  </datafield>
  <datafield tag="260" ind1=" " ind2=" ">
    <subfield code="a">[Qu&#xE9;bec] :</subfield>
    <subfield code="b">Gouvernement du Qu&#xE9;bec, Minist&#xE8;re de l'&#xE9;nergie et des ressources, Bureau de l'efficacit&#xE9; &#xE9;nerg&#xE9;tique,</subfield>
    <subfield code="c">1991.</subfield>
  </datafield>
  <datafield tag="300" ind1=" " ind2=" ">
    <subfield code="a">iii, 140 p. :</subfield>
    <subfield code="b">ill. ;</subfield>
    <subfield code="c">28 cm.</subfield>
  </datafield>
  <datafield tag="500" ind1=" " ind2=" ">
    <subfield code="a">"Le pr&#xE9;sent guide ... a &#xE9;t&#xE9; traduit en fran&#xE7;ais et adapt&#xE9; au contexte qu&#xE9;b&#xE9;cois &#xE0; partir du document original Energy management for building and facilities: energy efficiency opportunities, une r&#xE9;alisation du Minist&#xE8;re de l'&#xE9;nergie de l'Ontario"--P. after t.p.</subfield>
  </datafield>
  <datafield tag="650" ind1=" " ind2="0">
    <subfield code="a">Buildings</subfield>
  </datafield>
  <datafield tag="710" ind1="1" ind2=" ">
    <subfield code="a">Qu&#xE9;bec (Province).</subfield>
  </datafield>
  <datafield tag="942" ind1=" " ind2=" ">
    <subfield code="c">EK</subfield>
  </datafield>
  <datafield tag="999" ind1=" " ind2=" ">
    <subfield code="c">16048</subfield>
    <subfield code="d">16048</subfield>
  </datafield>
  <datafield tag="952" ind1=" " ind2=" ">
    <subfield code="0">0</subfield>
    <subfield code="1">0</subfield>
    <subfield code="4">0</subfield>
    <subfield code="6">696_000000000000000_GOU_1991_A083_OR</subfield>
    <subfield code="7">0</subfield>
    <subfield code="9">69843</subfield>
    <subfield code="a">LBA</subfield>
    <subfield code="b">LBA</subfield>
    <subfield code="c">A083</subfield>
    <subfield code="d">2017-12-27</subfield>
    <subfield code="o">696 GOU 1991 A083 Or.</subfield>
    <subfield code="p">A15004</subfield>
    <subfield code="r">2017-12-27</subfield>
    <subfield code="w">2017-12-27</subfield>
    <subfield code="y">EK</subfield>
  </datafield>
</record>
